Pojišťovnictví.
Úvod do teórie poisťovníctva: Dopady náhodilosti na ľudskú spoločnosť a metódy ich eliminácie. Poistenie. Miesto poisťovníctva v organizačnej štruktúre ekonomiky. Čs. poistný trh. Hlavné druhy poistenia. Česká poisťovňa a jej služby.
Guardado en:
| Formato: | Capítulo de libro |
|---|---|
| Lenguaje: | checo |
| Materias: | |
| Etiquetas: |
Sin Etiquetas, Sea el primero en etiquetar este registro!
|
MARC
| LEADER | 00000naa a2200000 4500 | ||
|---|---|---|---|
| 001 | r009907 | ||
| 005 | 20220831083949.5 | ||
| 041 | 0 | |a cze | |
| 044 | |a [CS] | ||
| 245 | 1 | 0 | |a Pojišťovnictví. |
| 520 | |a Úvod do teórie poisťovníctva: Dopady náhodilosti na ľudskú spoločnosť a metódy ich eliminácie. Poistenie. Miesto poisťovníctva v organizačnej štruktúre ekonomiky. Čs. poistný trh. Hlavné druhy poistenia. Česká poisťovňa a jej služby. | ||
| 610 | 2 | 0 | |a poisťovníctvo |
| 610 | 2 | 0 | |a poistenie |
| 610 | 2 | 0 | |a poisťovne |
| 610 | 2 | 0 | |a Čechy |
| 610 | 2 | 0 | |a ČSFR |
| 610 | 2 | 0 | |a Česká pojisťovňa, a.s. Praha |